QCM: Les espèces animales #1 - Statistiques

Statistiques générales
  • Ce quiz a été pris 213 fois
  • Le résultat moyen est 8 sur 15
Statistiques - réponses
Question Réponse % Correct
"Canis lupus" Mammifère
88%
"Felis sylvestris catus" Mammifère
80%
"Muraena helena" Poisson
76%
"Bos taurus taurus" Mammifère
72%
"Scorpio maurus" Arachnide
68%
"Mytilus edulis" Mollusque
68%
"Baelenoptera musculus" Mammifère
64%
"Salmo marmoratus" Poisson
60%
"Phyllobates terribilis" Amphibien
52%
"Passer domesticus" Oiseau
52%
"Danaus plexippus" Insecte
40%
"Eriocheir sinensis" Crustacé
36%
"Anas platyrhynchos" Oiseau
32%
"Rhincodon typus" Poisson
28%
"Chelonia mydas" Reptile
28%
Aucun quiz correspondant
Distribution des résultats
% des personnes avec chaque résultat
Percentile par nombre de réponses
Votre historique - résultats
Vous n’avez pas pris ce quiz